000
00287nam a22001337a 4500
008
170728b xxu||||| |||| 00| 0 eng d
020
_a
9780071751292
041
_a
eng
080
_a
004
100
_a
31
101
_a
SHKI
245
_a
ORACLE DATABASE 11G
_c
WANG, J
942
_2
udc
_c
BK
999
_c
22074
_d
22074